De zomerkrans. Eene letterkundige verzameling, bevattende de beschryving der landen en volken van het zuidelyk gedeelte van Europa, de afbeeldingen ettelyker bloemen, gewassen en dieren, met derzelver historische bemerkingen, benevens een aental geschiedkundige voorstellen, stichtende verhalen en gedichten, ingericht tot eene ware uitspanningslectuer en feestgeschenk

Salvato in:
Dettagli Bibliografici
Autore principale: HAHN [André Ernest E.] Spraekleeraer en beëedigde vertaler by de regtbank van Eersten Aenleg te Antwerpen
Natura: Sconosciuto
Lingua:olandese
Pubblicazione: Antwerpen By bovengemelden uytgever en by P. J. Van Aarsen, boekhandelaer 1862
Catalogo:MANES:  Risultati della ricerca del catalogo della biblioteca
Libro di testo Classificazione:
Soggetti:
Tags: Aggiungi Tag
Nessun Tag, puoi essere il primo ad aggiungerne!!
Aggiunto a:2016-04-26

MARC

LEADER 000000000a22000000004500
001 25417
008 160427s be ||||| |||| 00| 0 dut d
040 |a manes  |c manes 
041 |a Neerlandés 
100 1 |a HAHN [André Ernest E.]  |b Spraekleeraer en beëedigde vertaler by de regtbank van Eersten Aenleg te Antwerpen 
245 0 0 |a De zomerkrans. Eene letterkundige verzameling, bevattende de beschryving der landen en volken van het zuidelyk gedeelte van Europa, de afbeeldingen ettelyker bloemen, gewassen en dieren, met derzelver historische bemerkingen, benevens een aental geschiedkundige voorstellen, stichtende verhalen en gedichten, ingericht tot eene ware uitspanningslectuer en feestgeschenk 
260 3 |a Antwerpen  |b By bovengemelden uytgever en by P. J. Van Aarsen, boekhandelaer  |c 1862 
300 |a 320 p. 
500 |a CaA, 1862  |a Opgedragen aen Z. K. H. den hertog van Brabant 
546 |a Bélgica 
655 7 |a Primaria  |a Secundaria 
942 |2 ddc  |c BK 
999 |c 47745  |d 47745 
999 |c manes:47745  |d 47745